| 000 | 00866nam a2200253Ia 4500 | ||
|---|---|---|---|
| 003 | OSt | ||
| 005 | 20221005105632.0 | ||
| 006 | a|||||r|||| 00| 0 | ||
| 007 | ta | ||
| 008 | 221004b |||||||| |||| 00| 0 hin d | ||
| 024 | _a110075 | ||
| 037 | _cTextual | ||
| 040 |
_aCRL _cCRL _bhin |
||
| 041 |
_2hin _ahin |
||
| 082 | _aO152,3NMA,KA, M8 | ||
| 100 | _aप्रेमचन्द ‘महेश’ | ||
| 245 | 0 | _aकलम और तलवार का धनी रहीम | |
| 246 | _aKalam aur talavār kā dhanī rahīma | ||
| 260 |
_aनई दिल्ली _bवाणी प्रकाशन भारत _c1988 |
||
| 300 |
_a164पृ0 _ccm. |
||
| 650 | _aहिन्दी साहित्य | ||
| 942 |
_hO152,3NMA,KA, M8 _cTEXL _2cc |
||
| 999 |
_c1016426 _d1016426 |
||